000 00433nam a2200181Ia 4500
005 20240913125227.0
008 240913s9999||||xx |||||||||||||| ||und||
041 _aENGLISH
082 _A658.15 N8
100 _aRiggs,James L [et al]
245 0 _aEngineering Economics
250 _a4th
260 _c1998
_bMGH,New York
500 _aREFERENCE
650 _aManagement
_bManagement Studies
942 _cREF
999 _c245090
_d245090